000 00292nam a22001337a 4500
008 211012b ||||| |||| 00| 0 eng d
041 _aeng
080 _211th
_a611
082 _2
_a611
100 _a7
101 _aANA
245 _aPhysiology of Behavior
_cCarlson,N.R
942 _2udc
_cBK
999 _c58191
_d58191